Podpora experimentovania v online prostredí
Guardado en:
| Autor principal: | |
|---|---|
| Otros Autores: | |
| Formato: | Manuscrito Libro |
| Lenguaje: | eslovaco |
| Publicado: |
Bratislava :
STU v Bratislave FEI,
2023
|
| Materias: | |
| Acceso en línea: | https://opac.crzp.sk/?fn=detailBiblioFormChildMF6V5&sid=1755732D0F093F437EA730EAC795&seo=CRZP-detail-kniha |
| Etiquetas: |
Sin Etiquetas, Sea el primero en etiquetar este registro!
|
MARC
| LEADER | 00000ntm a22000003a 4500 | ||
|---|---|---|---|
| 001 | stuzp91819 | ||
| 003 | SK-STU | ||
| 005 | 20241217144918.6 | ||
| 007 | ta | ||
| 008 | 150427s2015----xo-----f-mn---000-0-slo-d | ||
| 040 | |a STU |b slo | ||
| 041 | 0 | |a slo | |
| 044 | |a xo | ||
| 100 | 1 | |a Popík, Tomáš |u 035000 |4 aut |U FEI Fakulta elektrotechniky a informatiky |T FEI Ústav informatiky a matematiky |X 97908 |U E050 |Y 816 |7 97908 | |
| 242 | 0 | 1 | |a Support for experimentation in the online environment |y eng |
| 245 | 1 | 0 | |a Podpora experimentovania v online prostredí |
| 260 | |a Bratislava : |b STU v Bratislave FEI, |c 2023 | ||
| 300 | |a 116 s. | ||
| 650 | 4 | |a online experimentovanie |2 slo | |
| 650 | 4 | |a správa experimentov |2 slo | |
| 650 | 4 | |a Laravel |2 slo | |
| 650 | 4 | |a React |2 slo | |
| 650 | 4 | |a GraphQL |2 slo | |
| 650 | 4 | |a online experimentation |2 eng | |
| 650 | 4 | |a experiments management |2 eng | |
| 650 | 4 | |a Laravel |2 eng | |
| 650 | 4 | |a React |2 eng | |
| 650 | 4 | |a GraphQL |2 eng | |
| 700 | 1 | |a Žáková, Katarína |u 030400 |k Z1 |4 ths |U FEI Fakulta elektrotechniky a informatiky |T FEI Ústav automobilovej mechatroniky |X 4948 |U E400 |Y 642 |7 A000004948 | |
| 856 | 4 | |u https://opac.crzp.sk/?fn=detailBiblioFormChildMF6V5&sid=1755732D0F093F437EA730EAC795&seo=CRZP-detail-kniha | |